000 01269nam0a22003131 4500
001 v19\rc\1515306
005 20260405190224.0
035 _a(NLR Aleph) 005233568
090 _a5630781
_c5630781
100 _a20060620e18851885|||y0rusy50 ca
101 0 _arus
102 _aRU
105 _ay z |||||
200 1 _aО памятнике вогулу Чумпину на горе Благодати
_f[Александр Дмитриев]
210 _aКазань
_cтип. Губ. правл.
_dценз. 1885
215 _a8 с.
_d16
300 _aАвт. указан в конце текста
309 _aБез тит. л. и обл.
311 _aОтт. из "Волж. вестн." 1885, № 216
488 0 _12001#$aВолжский вестник$v1885, № 216
_tВолжский вестник
700 1 _7ca
_8rus
_aДмитриев
_bА. А.
_cисторик, краевед
_f1854-1902
_gАлександр Алексеевич
_965343
_3RU\NLR\AUTH\7782415
702 1 _aЧумпин
_bС.
_f18 в.
_gСтепан
_4570
801 0 _aRU
_bNLR
_c20060620
_gpsbo
801 0 _aRU
_bRuMoRGB
_c20060620
_2psbo
801 1 _aRU
_bProSoft-M
_c20060620
_2rusmarc
801 2 _aRU
_bNLR
_c20091120
_2rusmarc
852 _aNLR
_j18.218.6.93
942 _cBOOK
980 _aNB